History Quiz

Random History Quiz

British Prime Ministers of the 20th Century Quiz Stats

 Plays Quiz not verified by Sporcle

Also try: Speed Dating
Challenge
Share
Tweet
Embed
Score 0/24 Timer 05:00
0 Plays Today
Term of Office Prime Minister % Correct
1940-1945Winston Churchill
94.1%
1979-1990Margaret Thatcher
92.6%
1997-2007Tony Blair
92.1%
1990-1997John Major
90.9%
1951-1955Winston Churchill
90%
1916-1922David Lloyd George
87.4%
1937-1940Neville Chamberlain
87.1%
1945-1951Clement Attlee
86.5%
1970-1974Edward Heath
83.5%
1964-1970Harold Wilson
83.2%
1976-1979James Callaghan
82.1%
1974-1976Harold Wilson
81.2%
Term of Office Prime Minister % Correct
1957-1963Harold Macmillan
80.9%
1955-1957Anthony Eden
79.4%
1908-1916Herbert Henry Asquith
77.1%
1929-1935Ramsay MacDonald
74.7%
1924Ramsay MacDonald
73.5%
1924-1929Stanley Baldwin
72.6%
1963-1964Alec Douglas-Home
72.6%
1935-1937Stanley Baldwin
71.5%
1923-1924Stanley Baldwin
69.4%
1902-1905Arthur Balfour
64.4%
1905-1908Henry Campbell-Bannerman
60.9%
1922-1923Andrew Bonar Law
56.2%

You're not logged in!

Compare scores with friends on all Sporcle quizzes.
OR
Log In

You Might Also Like...

Show Comments

Extras

Top Quizzes Today


Score Distribution

Your Account Isn't Verified!

In order to create a playlist on Sporcle, you need to verify the email address you used during registration. Go to your Sporcle Settings to finish the process.

Report this User

Report this user for behavior that violates our Community Guidelines.

Details: